000 00994nam a2200289 a 4500
001 4315687
003 NUST-PNEC
005 20170116180709.0
008 870507s1988 ohua 001 0 eng
010 _a 87061393
020 _a0675208831
040 _cPNEC
050 0 0 _aTK7870
_b.F52 1988
082 0 0 _a621.38 FLO
100 1 _aFloyd, Thomas L.
245 1 0 _aElectronic devices /
_cThomas L. Floyd.
250 _a2nd ed.
260 _aColumbus :
_bMerrill Pub. Co.,
_cc1988.
300 _axviii, 834 p. :
_bill. (some col.) ;
_c25 cm.
440 0 _aMerrill's international series in electrical and electronics technology
500 _aIncludes index. http://www.worldcat.org/title/electronic-devices/oclc/17637294&referer=brief_results
650 0 _aElectronic apparatus and appliances.
_xEE, EL
650 0 _aSolid state electronics.
906 _a7
_bcbc
_corignew
_d2
_eopcn
_f19
_gy-gencatlg
942 _2ddc
_cBK
999 _c60857
_d60857